| 000 | 00587nam a2200181 i 4500 | ||
|---|---|---|---|
| 001 | 88715 | ||
| 003 | ES-MaACL | ||
| 005 | 20250922162632.0 | ||
| 007 | t| | ||
| 008 | 050105s1975 sp ||||1| spa d | ||
| 100 | 1 |
_aLarra, Mariano José de, _d1809-1837 _970287 |
|
| 245 | 1 | 0 |
_aArtículos políticos _b: (antología) / _cMariano José de Larra ; [edición y prólogo de Jorge Campos]. |
| 260 |
_a[Madrid] : _bTaurus, _c[1975] |
||
| 300 |
_a317 p. ; _c18 cm. |
||
| 700 | 1 |
_aCampos, Jorge, _d1916-1983 _934244 |
|
| 852 |
_aES-MaACL _jE-8981 _bR.93414 |
||
| 999 |
_c88715 _d88715 |
||